Szczegóły MARC21

Bambiland ; Babel : zwei Theatertexte /

003 -Nazwa inst., której nr kontr. jest w polu 001 [,]
    • @
    • Nazwa instytucji, której n kontrolny jest w polu 001
    • NUKAT
005 -DATA I CZAS OSTATNIEJ MODYFIKACJI [,]
    • @
    • pole kontrolne
    • 20241231103243.0
020 -Międzynarod. znormalizowany nr książki - ISBN [ , ]
    • a
    • Numer ISBN
    • 3498032259 Find
    • q
    • Dopowiedzenie
    • opr.
040 -Instytucja sporządzająca opis [ , ]
    • a
    • Instytucja, która sporządziła opis (NP)
    • WR U/BAs
    • c
    • Instytucja, która sporządziła rekord (NP)
    • WR U/es
    • d
    • Instytucja, która zmodyfikowała rekord (P)
    • WR U/dl
    • d
    • Instytucja, która zmodyfikowała rekord (P)
    • KR U/JAKs
942 -Rodzaj dokumentu [ , ]
    • c
    • Rodzaj dokumentu
    • Książka
100 -Hasło główne - nazwa osobowa [1, ]
    • a
    • Nazwa osobowa (NP)
    • Jelinek, Elfriede
    • d
    • Daty biograficzne (NP)
    • (1946- ).
    • 9
    • KHW
    • 31875
240 -Tytuł ujednolicony [1,0]
    • a
    • Tytuł ujednolicony
    • Bambiland
    • l
    • Język tekstu
    • (niem.)
    • 9
    • KHW
    • 457303
245 -Strefa tytułu i oznaczenia odpowiedzialności [1,0]
    • a
    • Tytuł
    • Bambiland ; Find
    • b
    • Ciąg dalszy tytułu (NP)
    • Babel : zwei Theatertexte / Find
    • c
    • Pozostałe elementy strefy tytułu i oznaczenia odpowiedzialności (NP)
    • Elfriede Jelinek ; mit einem Vorwort von Christoph Schlingensief ; und einem Essay von Bärbel Lücke ; mit Fotos von Karin Rocholl und Christian Brachwitz.
260 -Strefa adresu wydawniczego [ , ]
    • a
    • Miejsce wydania (P)
    • Reinbek bei Hamburg :
    • b
    • Nazwa wydawcy (P)
    • Rowohlt,
    • c
    • Data wydania (P)
    • 2004.
300 -Strefa opisu fizycznego [ , ]
    • a
    • Określenie formy książki i/lub objętość (NP)
    • 270, [1] s., [8] s. tabl. :
    • b
    • Oznaczenie ilustracji (NP)
    • il. (kolor.) ;
    • c
    • Format (NP)
    • 20 cm.
336 -Typ zawartości [ , ]
    • a
    • Termin opisujący typ zawartości
    • Tekst
    • b
    • Kod określający zawartość
    • txt
    • 2
    • Źródło (terminu i kodu)
    • rdacontent
337 -Typ mediów [ , ]
    • a
    • Tryb odtwarzania
    • Bez urządzenia pośredniczącego
    • b
    • Kod typu mediów
    • n
    • 2
    • Źródło (terminu i kodu)
    • rdamedia
338 -Typ/rodzaj nośnika [ , ]
    • a
    • Hasło opisujące typ nośnika
    • Wolumin
    • b
    • Kod typu nośnika
    • nc
    • 2
    • Źródło (terminu i kodu)
    • rdacarrier
501 -Uwaga dot. prac współwydanych [ , ]
    • a
    • Uwaga dot. prac współwydanych
    • Zawiera również: Zu Bambiland und Babel : Essay / Bärbel Lücke (s. 229-270).
655 -Hasło w funkcji tematu formalnego [ ,7]
    • a
    • Hasło
    • Dramat austriacki
    • y
    • Określnik chronologiczny
    • 1990-.
    • 2
    • Źródło terminu
    • kaba
    • 9
    • KHW
    • 457388
700 -Hasło dodatkowe - nazwa osobowa [1, ]
    • a
    • Nazwa osobowa (NP)
    • Schlingensief, Christoph Find
    • d
    • Daty biograficzne (NP)
    • (1960-2010).
    • e
    • Określenie rodzaju współpracy
    • Przedm.
    • 9
    • KHW
    • 278581
700 -Hasło dodatkowe - nazwa osobowa [1, ]
    • a
    • Nazwa osobowa (NP)
    • Rocholl, Karin. Find
    • e
    • Określenie rodzaju współpracy
    • Fot.
    • 9
    • KHW
    • 457297
700 -Hasło dodatkowe - nazwa osobowa [1, ]
    • a
    • Nazwa osobowa (NP)
    • Brachwitz, Christian Find
    • d
    • Daty biograficzne (NP)
    • (1953- ).
    • e
    • Określenie rodzaju współpracy
    • Fot.
    • 9
    • KHW
    • 457298
700 -Hasło dodatkowe - nazwa osobowa [1,2]
    • a
    • Nazwa osobowa (NP)
    • Jelinek, Elfriede Find
    • d
    • Daty biograficzne (NP)
    • (1946- ).
    • t
    • Tytuł ujednolicony/tytuł (NP)
    • Babel Find
    • l
    • Język tekstu (NP)
    • (niem.)
    • 9
    • KHW
    • 457299
700 -Hasło dodatkowe - nazwa osobowa [1,2]
    • a
    • Nazwa osobowa (NP)
    • Lücke, Bärbel. Find
    • t
    • Tytuł ujednolicony/tytuł (NP)
    • Zu Bambiland und Babel Find
    • l
    • Język tekstu (NP)
    • (niem.)
    • 9
    • KHW
    • 457300
920 -ISBN [ , ]
    • a
    • ISBN
    • 3-498-03225-9 Find
    • q
    • Dopowiedzenie
    • opr.
Sygnatura Obwoluta Lokalizacja Data inwentaryzacji Status udost. Numer inwentarzowy
Germ. Dramat austriacki1BM2018-07-16-3BC.10255